000 00615nam a2200193Ia 4500
005 20191211123738.0
008 180910s9999 xx 000 0 und d
040 _aLB-BrCRDP
100 1 _aنعيم، بلال
245 1 0 _aالتربية والتعليم في القرآن الكريم
260 _aبيروت
_bدار الهادي
_c2008
300 _a134 pages
500 _aالنوع : كتاب
650 4 _aEducation Islamique
650 4 _aIslamic Education
650 4 _aالتربية الاسلامية
856 _zShamaa
_uhttp://search.shamaa.org/FullRecord?ID=27897
942 _cLAESDATA
_2ddc
999 _c21091
_d21091